000 00468nam a2200193Ia 4500
003 GCL
008 140319s9999 xx 000 0 ara d
040 _aGCL /
_cGCL
082 0 4 _a951.03
_bم ص
100 1 _aمحمد عودة
245 1 0 _aالصين الشعبية /
_cمحمد عودة
300 _a190 ص
490 _a
650 0 4 _aالسياسة
650 0 4 _aالتاريخ
650 0 4 _aالصين
650 0 4 _aالاستعمار
942 _2ddc
_cBK
999 _c38456
_d38456